Historikerarchivar

Titel: Historikerarchivar : Dokumentenmanager ; Positionen in einem Spannungsfeld
Beteiligt:
In: Studien zur Wiener Geschichte, Band 60 (2004), Seite 51-88
alle Artikel anzeigen
Veröffentlicht: 2004
Format: Aufsatz
Kein Bild verfügbar
X
alg: 44200578
001A    $03036:30-01-19 
001B    $01999:30-01-19 $t23:08:39.000 
001D    $03036:30-01-19 
001U    $0utf8 
001X    $00 
002@    $0Aox    
003@    $0442005784 
007A    $0442005784 $aHEB 
007T    $0ArchMa18072 
011@    $a2004 
021A    $aHistorikerarchivar $dDokumentenmanager ; Positionen in einem Spannungsfeld 
028C    $aBerg $BMitarb. $dHeinrich 
031A    $d60 $h51-88 $j2004 
039B    $aIn $8--Abvc--. Studien zur Wiener Geschichte. - Wien : Verein, 1990-. - ISSN 1027-8788 $x200400000600000949 $9048632597 
045T    $a8,1 

lok: 44200578 105

exp: 44200578 105 1 #EPN
201B/01 $030-01-19 $t15:09:41.000 
201C/01 $030-01-19 
201U/01 $0utf8 
203@/01 $01042382867 
208@/01 $a13-12-18 $be 
209A/01 $a/ $f106 $x00 
245Z/01 $a2.13. $bArchivwissenschaft und Archivtheorie / Ausbildung, Fortbildung und Berufsbild $x01 
247C/01 $8->Marburg, Bibliographie zum Archivwesen der Archivschule Marburg $939588196X
LEADER 00000caa a22000002c 4500
001 442005784
003 DE-603
005 20190130230839.0
007 tu
008 190130s2004 xx |||| | u00||u|und c
035 |a (DE-599)HEB442005784 
040 |a DE-603  |b ger  |c DE-603  |d DE-603 
084 |a 8,1  |2 ssgn 
245 0 0 |a Historikerarchivar  |b Dokumentenmanager ; Positionen in einem Spannungsfeld 
264 0 |c 2004 
700 1 |a Berg, Heinrich  |e Mitarb.  |4 ctb 
773 0 8 |i In  |t Studien zur Wiener Geschichte  |d Wien : Verein, 1990-  |x 1027-8788  |g Band 60 (2004), Seite 51-88  |w (DE-603)048632597  |w (DE-600)1160253-3 
924 0 |9 -  |a (DE-603)1042382867  |b DE-  |c HES  |d d  |g /